Biblioteca

Educación para la Paz (Registro nro. 49422)

Detalles MARC
000 -LIDER / CABECERA
fixed length control field 00998nas a2200301Ia 4500
001 - NUMERO DE CONTROL
control field 80
003 - IDENTIFICADOR DEL NUMERO DE CONTROL
control field CO-MdFUSB
005 - FECHA Y HORA DE LA ULTIMA TRANSACCION
control field 20170406102501.0
008 - ELEMENTOS DE LONGITUD FIJA
fixed length control field 151030s9999 c 000 0 s d
022 ## - NÚMERO INTERNACIONAL NORMALIZADO PARA PUBLICACIONES SERIADAS
ISSN 1692-4967
037 ## - FUENTE DE ADQUISICION
Proveedor Alianza de Educación para la Construcción de una Cultura de Paz
040 ## - FUENTE/ORIGEN DE LA CATALOGACIÓN
Agencia Catalogadora CO-MdFUSB
Lenguaje de catalogación spa
Agencia que realiza la transcripción CO-MdFUSB
Agencia que realiza la modificación CO-MdFUSB
Norma de descripción rda
041 0# - IDIOMA
Código de lengua del texto/banda sonora o título independiente spa
Código de idioma original spa
245 10 - TÍTULO PROPIAMENTE DICHO
Title Educación para la Paz
/ Mención de Responsabilidad Alianza de Educación para la Construcción de una Cultura de Paz
260 ## - • Area De Publicacion, Distribucion, Etc. (Pie de Imprenta) (R)
Place of publication, distribution, etc Bogotá
264 ## - PRODUCCIÓN, PUBLICACIÓN, DISTRIBUCIÓN, MANUFACTURA, Y COPYRIGHT
Lugar de producción, publicación, distribución, fabricación : Colombia :
Nombre del de productor, editor, distribuidor, fabricante, Alianza de Educación para la Construcción de una Cultura de Paz
300 ## - DESCRIPCIÓN FÍSICA
Extent Número 3 - 4
Dimensions 28 cm.
310 ## - PERIODICIDAD ACTUAL
Periodicidad actual No aplica
336 ## - TIPO DE CONTENIDO
Fuente rdacontent
Término de tipo de contenido
Código de tipo de contenido
337 ## - TIPO DE MEDIO
Fuente rdamedia
Nombre del tipo de medio
Código del tipo de medio
338 ## - TIPO DE SOPORTE
Nombre del tipo de soport
362 ## - FECHAS DE PUBLICACIÓN Y/O DESIGNACIÓN SECUENCIAL
Fecha de publicación y/o designación secuencial (Volumen) 2004 - 2005
546 ## - NOTA DE IDIOMA
Nota de idioma Texto en español
650 ## - PUNTO DE ACCESO ADICIONAL DE MATERIA -TÉRMINO DE MATERIA
Subdivisión de forma Publicaciones seriadas
773 ## - ENLACE AL DOCUMENTO FUENTE
Place, publisher, and date of publication Bogotá, Colombia : Alianza de Educación para la Construcción de una Cultura de Paz 2004
810 ## - PUNTO DE ACCESO ADICIONAL DE SERIE - NOMBRE DE ENTIDAD
Tipo de Material Revistas
942 ## - ELEMENTOS ADICIONALES (KOHA)
Koha item type Revistas y Fascículos
Source of classification or shelving scheme Dewey Decimal Classification
Estado de la suscripción Inactiva
Existencias
Expurgo - (Retirado) Estado de Perdido Estado de Dañado Not for loan Colección Home library Current library Ubicación en Estantería Date acquired Información de volumen - Fascículo Signatura topográfica Barcode Copy number Koha item type
        Colección de Hemeroteca Biblioteca FUSBC Biblioteca FUSBC Hemeroteca 14/06/2005 Número 3, (2004) R1477 Ej. 1 Revistas y Fascículos
        Colección de Hemeroteca Biblioteca FUSBC Biblioteca FUSBC Hemeroteca 14/06/2005 Número 4, (2005) R1478 Ej. 1 Revistas y Fascículos

Biblioteca FUSBC | Teléfono: (57+4) 349 88 10 Ext. 141| WhatsApp (+57) 3005338115 
E-mail: biblioteca@unisbc.edu.co | Calle 76 87-14 Robledo Palenque, Medellín, Colombia

Con tecnología Koha